000 00569nam a22002177a 4500
999 _c7521
_d7521
001 7521
003 BD-JhCC
005 20181006105027.0
008 180211b xxu||||| |||| 00| 0 eng d
035 _a(BD-JhCC)7521
040 _aBD-JhCC
_dBD-JhCC
041 _aeng
082 _bSAU 1951
_a372
100 _aSaucier, W. A.
245 _aTheory and practice in the elementary school /
_cW. A. Saucier
260 _aNew York ;
_bThe Macmillan Company,
_c1951.
300 _a515 p. :
_c21 cm.
650 _aEducation, Elementary
942 _2ddc
_cBK